30 in 60: European Capitals Quiz Stats

 Plays Quiz Updated Apr 5, 2017

Support Sporcle.
Go Orange.
Score 0/30 Timer 01:00
9 Plays Today
% Correct
Paris
71.1%
London
71.1%
Rome
70.2%
Madrid
69.7%
Berlin
69.6%
Moscow
69.1%
Dublin
68.9%
Athens
68.6%
Lisbon
66.9%
Brussels
66.7%
Amsterdam
66.3%
Reykjavik
66%
Warsaw
64.3%
Oslo
63.5%
Copenhagen
62.7%
% Correct
Stockholm
62.2%
Vienna
61.7%
Ankara
61.1%
Helsinki
59.9%
Bern
59.1%
Budapest
55.9%
Kyiv
54.9%
Prague
51.7%
Bucharest
48.4%
Zagreb
47.8%
Sarajevo
46.9%
Sofia
46.7%
Tallinn
44.9%
Riga
44.4%
Minsk
44.1%

You're not logged in!

Compare scores with friends on all Sporcle quizzes.
OR
Log In

From the Vault

Grammy Best New Artist

by Ben

Sometimes winning the Grammy for Best New Artist leads to a lucrative music career, other times it leads to multiple trips to rehab.
Remove Ads.
Support Sporcle.
Get the best of Sporcle when you Go Orange. This ad-free experience offers more features, more stats, and more fun while also helping to support Sporcle. Thank you for becoming a member.

Show Comments

Extras

Top Quizzes Today


Score Distribution

Your Account Isn't Verified!

In order to create a playlist on Sporcle, you need to verify the email address you used during registration. Go to your Sporcle Settings to finish the process.

Report this User

Report this user for behavior that violates our Community Guidelines.

Details: